• 首页
  • 本馆介绍
  • 公告通知
  • 最新文献
  • 馆藏检索
  • 电子资源
  • 读者导购
  • 参考咨询
  • 我的图书馆
  • 登录
  • 详细信息显示
  • 放入我的书架
  • 预约/预借图书
  • 作者相关作品
  • 分类相关作品
  • 丛书相关作品
  • 出版社相关作品

书目信息

  • 表格格式
  • 工作单格式
  • 卡片格式
题名:
恒星的一生
    
 
作者: 赵复垣 著
分册:  
出版信息: 南宁   广西教育出版社  1999
页数: 126页
开本: 20cm
丛书名: 走向科学的明天丛书
单 册:
中图分类: P152-49 , N5
科图分类:
主题词: 恒星--普及读物 , 恒星 , 自然科学--丛书 , 自然科学--文集 , 自然科学--连续出版物
电子资源:
ISBN: 7-5435-2905-X
000 00860oam2 2200313 450
001 1573057667
005 20150129201823.10
010    @a7-5435-2905-X@dCNY8.60
100    @a19991210d1999 em y0chiy0110 ea
101 0  @achi
102    @aCN@b450000
105    @af z 000yy
200 1  @a恒星的一生@9heng xing de yi sheng@f赵复垣著
210    @a南宁@c广西教育出版社@d1999
215    @a126页@c彩照及图@d20cm
225 2  @a走向科学的明天丛书@i天文学
300    @a国家“九五”重点图书出版规划项目
461  0 @12001 @a走向科学的明天丛书
462  0 @12001 @a天文学
606 0  @a恒星@x普及读物
606 0  @a恒星
606 0  @a自然科学@x丛书
606 0  @a自然科学@x文集
606 0  @a自然科学@x连续出版物
690    @aP152-49@v5
690    @aN5@v4
701  0 @a赵复垣@9zhao fu yuan@4著
801  0 @aCN@bTSSF@c20150129
905    @aZUCC@dN5@eJY80
    
    恒星的一生/赵复垣著.-南宁:广西教育出版社,1999
    126页:彩照及图;20cm.-(走向科学的明天丛书.天文学)
    国家“九五”重点图书出版规划项目
    
    ISBN 7-5435-2905-X:CNY8.60
    
●
相关链接 在E读中查询图书 在五车中查询图书 在当当中查询图书 在豆瓣中查询图书


正题名:恒星的一生     索取号:N5/JY80         预约/预借

序号 登录号 条形码 馆藏地/架位号 状态 备注
1 7861791   278617917   学院路分馆/ [索取号:N5/JY80] 在馆    
2 7861792   278617926   学院路分馆/ [索取号:N5/JY80] 在馆    
3 7861793   278617935   学院路分馆/ [索取号:N5/JY80] 在馆    
唐山师范学院图书馆 欢迎您!
大连网信软件有限公司© 版权所有